[Event "BAN-chT Walton (Women)"]
[Site "Dhaka"]
[Date "2023.03.27"]
[Round "6"]
[White "Nazmin, Akter"]
[Black "Nusrat, Jahan Liza"]
[Result "0-1"]
[WhiteElo "1258"]
[BlackElo "1573"]
[PlyCount "64"]
[EventDate "2023.03.22"]
[EventType "team-tourn"]
[EventRounds "7"]
[EventCountry "BAN"]
[SourceTitle "CBM 213 Extra"]
[Source "ChessBase"]
[SourceDate "2023.05.31"]
[SourceVersion "1"]
[SourceVersionDate "2023.05.31"]
[SourceQuality "1"]
[WhiteTeam "Uttara Cenrtal CC (W)"]
[BlackTeam "Shahin CC (W)"]
[WhiteTeamCountry "BAN"]
[BlackTeamCountry "BAN"]

1. d4 Nc6 2. Nf3 f6 3. h3 e5 4. dxe5 Nxe5 5. Nxe5 fxe5 6. Nc3 Bb4 7. Bd2 Nf6 8. e4 0-0 9. Bc4+ Kh8 10. Qe2 d6 11. g4 Qe8 12. 0-0-0 Be6 13. Nd5 Bxd2+ 14. Rxd2 Nxd5 15. exd5 Bg8 16. a3 a6 17. Bb3 b5 18. h4 a5 19. Kb1 a4 20. Ba2 b4 21. Rd3 Qb5 22. Qe3 Rab8 23. Rhd1 bxa3 24. b3 axb3 25. Bxb3 a2+ 26. Kxa2 Ra8+ 27. Kb2 Qa5 28. Kc1 Rf4 29. f3 Raf8 30. Qe2 e4 31. fxe4 Rf2 32. Qe3 Qa1# 0-1

[Event "BAN-chT Walton (Women)"]
[Site "Dhaka"]
[Date "2023.03.23"]
[Round "2"]
[White "Sidratul, Muntaha"]
[Black "Nusrat, Jahan Liza"]
[Result "0-1"]
[WhiteElo "1186"]
[BlackElo "1573"]
[PlyCount "52"]
[EventDate "2023.03.22"]
[EventType "team-tourn"]
[EventRounds "7"]
[EventCountry "BAN"]
[SourceTitle "CBM 213 Extra"]
[Source "ChessBase"]
[SourceDate "2023.05.31"]
[SourceVersion "1"]
[SourceVersionDate "2023.05.31"]
[SourceQuality "1"]
[WhiteTeam "Team Barisal (W)"]
[BlackTeam "Shahin CC (W)"]
[WhiteTeamCountry "BAN"]
[BlackTeamCountry "BAN"]

1. e4 Nc6 2. Nc3 Nf6 3. d4 e5 4. Nf3 exd4 5. Nxd4 Bc5 6. Nf3 d6 7. Bb5 Bd7 8. a3 h6 9. h3 0-0 10. 0-0 a6 11. Bd3 Ne7 12. Re1 Ng6 13. Bc4 Nh5 14. Bd2 Nhf4 15. Nd5 Nh5 16. b4 Ba7 17. a4 c6 18. Nc3 Qc7 19. Bb3 Rae8 20. a5 Nhf4 21. Qc1 d5 22. exd5 Nxh3+ 23. gxh3 Qg3+ 24. Kh1 Qxf3+ 25. Kg1 Bxh3 26. Ne2 Qg2# 0-1

[Event "Dhaka Laila Alam op 13th"]
[Site "Dhaka"]
[Date "2023.02.09"]
[Round "3"]
[White "Jannatul, Ferdous"]
[Black "Nusrat, Jahan Liza"]
[Result "1-0"]
[WhiteElo "1762"]
[BlackElo "1576"]
[PlyCount "82"]
[EventDate "2023.02.07"]
[EventType "swiss"]
[EventRounds "7"]
[EventCountry "BAN"]
[SourceTitle "EXT 2024"]
[Source "ChessBase"]
[SourceDate "2023.10.10"]
[SourceVersion "1"]
[SourceVersionDate "2023.10.10"]
[SourceQuality "1"]

1. e4 Nc6 2. Nf3 f5 3. exf5 d5 4. Bb5 Bxf5 5. Ne5 Qd6 6. d4 a6 7. Bxc6+ bxc6 8. 0-0 c5 9. c4 Nf6 10. Be3 cxd4 11. Qxd4 dxc4 12. Qxc4 Be6 13. Qa4+ Bd7 14. Nxd7 Qxd7 15. Qb3 Qb5 16. Qc2 Nd5 17. Bd4 0-0-0 18. Na3 Nb4 19. Qe4 Qd5 20. Qg4+ e6 21. Rfd1 Qf5 22. Qe2 Bd6 23. Rac1 Kb7 24. Nc4 Nc6 25. Nxd6+ Rxd6 26. Bc5 Rxd1+ 27. Qxd1 Qd5 28. Qa4 Rd8 29. h3 Qd2 30. Be3 Qd5 31. b4 Qb5 32. Qc2 g6 33. a4 Qd5 34. b5 axb5 35. axb5 Rd6 36. bxc6+ Rxc6 37. Qxc6+ Qxc6 38. Rxc6 Kxc6 39. Kh2 Kd5 40. Kg3 Ke4 41. Kg4 Kd5 1-0

[Event "BAN-chB (Women) 41st"]
[Site "Dhaka"]
[Date "2022.11.12"]
[Round "6"]
[White "Khan, Nazrana"]
[Black "Nusrat, Jahan Liza"]
[Result "1-0"]
[WhiteElo "1908"]
[BlackElo "1545"]
[PlyCount "52"]
[EventDate "2022.11.07"]
[EventType "swiss"]
[EventRounds "8"]
[EventCountry "BAN"]
[SourceTitle "EXT 2024"]
[Source "ChessBase"]
[SourceDate "2023.10.10"]
[SourceVersion "1"]
[SourceVersionDate "2023.10.10"]
[SourceQuality "1"]

1. d4 Nc6 2. Nf3 f6 3. d5 Ne5 4. e4 Ng6 5. c4 e5 6. Nc3 Bb4 7. Qc2 N8e7 8. a3 Bxc3+ 9. Qxc3 d6 10. Be2 b6 11. 0-0 0-0 12. b4 Bd7 13. Ne1 f5 14. exf5 Nxf5 15. Be3 Qf6 16. Rc1 Nxe3 17. fxe3 Qg5 18. Nf3 Qh6 19. Nd2 Nh4 20. g3 Bh3 21. Rxf8+ Rxf8 22. e4 Qf6 23. Qe3 Ng2 24. Qf2 Qg5 25. Bf3 Ne3 26. Rc3 Ng4 1-0

[Event "Dhaka Laila Alam Cup (Women) 12th"]
[Site "Dhaka"]
[Date "2022.05.06"]
[Round "2"]
[White "Nusrat, Jahan Liza"]
[Black "Khan, Nazrana"]
[Result "0-1"]
[WhiteElo "1541"]
[BlackElo "1829"]
[PlyCount "100"]
[EventDate "2022.05.05"]
[EventType "swiss"]
[EventRounds "7"]
[EventCountry "BAN"]
[SourceTitle "CBM 208 Extra"]
[Source "ChessBase"]
[SourceDate "2022.07.31"]
[SourceVersion "1"]
[SourceVersionDate "2022.07.31"]
[SourceQuality "1"]

1. e4 c5 2. Nf3 e6 3. Bc4 a6 4. a3 Nc6 5. d3 Qc7 6. Nc3 Nf6 7. Bg5 Be7 8. Qd2 0-0 9. 0-0 b5 10. Ba2 Bb7 11. Bf4 d6 12. Ne2 Kh8 13. Ng3 Rac8 14. Rfe1 Ne5 15. Qe2 Ng6 16. Bg5 Ng4 17. h3 N4e5 18. Bxe7 Qxe7 19. Nxe5 dxe5 20. Qg4 Qh4 21. Qxh4 Nxh4 22. Nh5 Rce8 23. Re3 f5 24. f4 fxe4 25. fxe5 Nf5 26. Ree1 Nd4 27. Rac1 Rf5 28. Ng3 Rxe5 29. c3 Rg5 30. Kh2 exd3 31. Rcd1 Ne2 32. Rxd3 Rxg3 33. Rxg3 Nxg3 34. Kxg3 c4 35. a4 Bd5 36. a5 Rf8 37. Bb1 Kg8 38. Bc2 Rf6 39. Be4 Bxe4 40. Rxe4 Kf7 41. Rf4 Ke7 42. Rxf6 gxf6 43. Kf4 Kf7 44. g4 Kg6 45. h4 h5 46. Kf3 hxg4+ 47. Kxg4 f5+ 48. Kf3 e5 49. Kg3 Kh5 50. Kh3 f4 0-1

[Event "BAN-ch (Women)"]
[Site "Dhaka"]
[Date "2022.01.05"]
[Round "8"]
[White "Nusrat, Jahan Liza"]
[Black "Syeda Fahmida, Malek"]
[Result "1-0"]
[WhiteElo "1478"]
[BlackElo "1569"]
[PlyCount "37"]
[EventDate "2021.12.29"]
[EventType "swiss"]
[EventRounds "11"]
[EventCountry "BAN"]
[SourceTitle "EXT 2023"]
[Source "ChessBase"]
[SourceDate "2022.10.05"]
[SourceVersion "1"]
[SourceVersionDate "2022.10.05"]
[SourceQuality "1"]

1. e4 d6 2. d4 Nf6 3. Nc3 g6 4. Nf3 Bg7 5. h3 0-0 6. Bd3 Nbd7 7. 0-0 e5 8. d5 c6 9. Bg5 Qa5 10. Bc4 Qb4 11. dxc6 bxc6 12. Bb3 Rd8 13. a3 Qb8 14. Qc1 Nc5 15. Ba2 h6 16. Bxh6 Bxh6 17. Qxh6 Qxb2 18. Qxg6+ Kf8 19. Qxf7# 1-0

[Event "BAN-ch (Women)"]
[Site "Dhaka"]
[Date "2022.01.04"]
[Round "7"]
[White "Nazmin, Akter"]
[Black "Nusrat, Jahan Liza"]
[Result "0-1"]
[WhiteElo "1231"]
[BlackElo "1478"]
[PlyCount "39"]
[EventDate "2021.12.29"]
[EventType "swiss"]
[EventRounds "11"]
[EventCountry "BAN"]
[SourceTitle "EXT 2023"]
[Source "ChessBase"]
[SourceDate "2022.10.05"]
[SourceVersion "1"]
[SourceVersionDate "2022.10.05"]
[SourceQuality "1"]

1. d4 d5 2. g3 e6 3. Bg2 c5 4. c3 Nc6 5. Nf3 h6 6. Nbd2 Nf6 7. Nb3 b6 8. Be3 c4 9. Nbd2 Bd6 10. b3 b5 11. b4 Bd7 12. Nb1 a5 13. a4 axb4 14. cxb4 Bxb4+ 15. Bd2 Ne4 16. Bxb4 Nxb4 17. Ne5 Qa5 18. 0-0 Nf6 19. Qd2 bxa4 20. Nc3 0-1

[Event "BAN-ch (Women) 39th"]
[Site "Dhaka"]
[Date "2019.09.26"]
[Round "8"]
[White "Ahmed, Walijah"]
[Black "Nusrat, Jahan Liza"]
[Result "1-0"]
[WhiteElo "1720"]
[BlackElo "1546"]
[PlyCount "62"]
[EventDate "2019.09.19"]
[EventType "swiss"]
[EventRounds "9"]
[EventCountry "BAN"]
[SourceTitle "CBM 195 Extra"]
[Source "ChessBase"]
[SourceDate "2020.05.31"]
[SourceVersion "1"]
[SourceVersionDate "2020.05.31"]
[SourceQuality "1"]

1. e4 e5 2. Nf3 Nc6 3. Bb5 Nf6 4. 0-0 d6 5. c3 Bd7 6. Re1 a6 7. Ba4 Ne7 8. Bb3 Ng6 9. Ng5 Be6 10. Nxe6 fxe6 11. Bxe6 Qe7 12. Qb3 c6 13. d4 h6 14. g3 Nh7 15. Bf5 Qf7 16. Bxg6 Qxg6 17. Qxb7 Rd8 18. Qxc6+ Rd7 19. dxe5 Ng5 20. Bxg5 hxg5 21. Nd2 Qh6 22. Nf1 Be7 23. exd6 Bxd6 24. e5 Be7 25. e6 0-0 26. Qxd7 Bc5 27. Re2 Qf6 28. Ne3 Kh7 29. Qd3+ Kh8 30. Ng4 Qe7 31. Qd7 Qd8 1-0

[Event "BAN-ch (Women) 39th"]
[Site "Dhaka"]
[Date "2019.09.24"]
[Round "6"]
[White "Kazi Zarin, Tasnim"]
[Black "Nusrat, Jahan Liza"]
[Result "1-0"]
[WhiteElo "1779"]
[BlackElo "1546"]
[PlyCount "96"]
[EventDate "2019.09.19"]
[EventType "swiss"]
[EventRounds "9"]
[EventCountry "BAN"]
[SourceTitle "CBM 195 Extra"]
[Source "ChessBase"]
[SourceDate "2020.05.31"]
[SourceVersion "1"]
[SourceVersionDate "2020.05.31"]
[SourceQuality "1"]

1. e4 e5 2. Nf3 Nc6 3. Bc4 Nd4 4. Nxd4 exd4 5. c3 dxc3 6. Nxc3 d6 7. 0-0 Nf6 8. d4 Be7 9. Re1 0-0 10. h3 h6 11. Bf4 Be6 12. Bd3 a6 13. Bc2 Nh7 14. Qd3 f5 15. Qe3 Bg5 16. exf5 Bd7 17. Bxg5 Qxg5 18. Bb3+ Kh8 19. Be6 Bxe6 20. Qxg5 Nxg5 21. fxe6 Rae8 22. d5 c6 23. h4 Nh7 24. Ne4 cxd5 25. Nxd6 Re7 26. Rad1 Nf6 27. Rc1 g6 28. Nc8 Ree8 29. e7 Rg8 30. Nd6 Rb8 31. Rc7 b5 32. Re6 Ne8 33. Nxe8 Rbxe8 34. Rd7 Kg7 35. Rxa6 Kf7 36. Rad6 Rxe7 37. Rxd5 Rxd7 38. Rxd7+ Ke6 39. Rb7 Ra8 40. Rb6+ Kf7 41. a3 Ra5 42. f3 Kg7 43. Kf2 g5 44. hxg5 hxg5 45. Ke3 Ra4 46. Rxb5 Kg6 47. Rb6+ Kh5 48. g4+ Kh4 1-0

[Event "BAN-ch (Women) 39th"]
[Site "Dhaka"]
[Date "2019.09.23"]
[Round "5"]
[White "Nusrat, Jahan Liza"]
[Black "Tanjila, Noor"]
[Result "1-0"]
[WhiteElo "1546"]
[BlackElo "1391"]
[PlyCount "31"]
[EventDate "2019.09.19"]
[EventType "swiss"]
[EventRounds "9"]
[EventCountry "BAN"]
[SourceTitle "CBM 195 Extra"]
[Source "ChessBase"]
[SourceDate "2020.05.31"]
[SourceVersion "1"]
[SourceVersionDate "2020.05.31"]
[SourceQuality "1"]

1. e4 d5 2. Nf3 dxe4 3. Ng5 h6 4. Nxe4 e5 5. Bc4 Nf6 6. Nbc3 Qd4 7. d3 Qb6 8. Nxf6+ Qxf6 9. Nd5 Qd8 10. Qe2 Bd6 11. d4 f6 12. Qh5+ Kf8 13. Be3 exd4 14. Bxd4 c6 15. Ne3 Bd7 16. Qf7# 1-0